01012nam a2200253 i 4500001000300000245023300003260003400236300002800270504001400298650003500312655003000347700003600377710005300413020001500466040000800481041000800489080001900497920001800516942000700534008004100541999001700582856009800599952006100697bg00aĆwiczenia laboratoryjne z chemii analitycznej :banaliza miareczkowa i wagowa : podręcznik dla studentów wyższych szkół technicznych /cTadeusz Michałowski [et al.] ; Politechnika Krakowska im. Tadeusza Kościuszki. aKraków :bWydaw. PK,c2002. a242 s. :bil. ;c24 cm. aBibliogr. 9aChemia analityczna ilościowa aPodręczniki akademickie1 aMICHAŁOWSKI, Tadeuszd(1946- ) 0aPolitechnika Krakowska im. Tadeusza Kościuszki a8372422109 cBPK0 apol a543.062(075.8) a83-7242-210-9 cKS s pl f |000 0 pol  c42670d42670 uhttp://koha.tu.koszalin.pl/cgi-bin/koha/opac-detail.pl?biblionumber=42670yKatalog online BPK 00104070aBPKbBPKcwo67061p01918748s2014-12-15yKS